000
00187nam a2200073Ia 4500
008
170524s9999 xx 000 0 und d
100
_a
ROMNEY- MB
245
0
_a
ACCOUNTING INFORMATION SYSTEMES
260
_b
CONCEPT PUB. CO.
999
_c
7933
_d
7933